Imagen 1 Imagen 2 Imagen 3 Imagen 4 Imagen 5 Imagen 6

Prospectiva y planificación en la era de la inteligencia artificial en América Latina y el Caribe : (Registro nro. 53523)

Detalles MARC
000 -LEADER
campo de control de longitud fija 02192nam a2200385 i 4500
003 - IDENTIFICADOR DE NÚMERO DE CONTROL
campo de control peliumch
005 - FECHA Y HORA DE LA ÚLTIMA TRANSACCIÓN
campo de control 20251117170555.0
007 - CAMPO FIJO DE DESCRIPCIÓN FÍSICA--INFORMACIÓN GENERAL
campo de control de longitud fija ta
008 - DATOS DE LONGITUD FIJA--INFORMACIÓN GENERAL
campo de control de longitud fija 251117b2022 pe ||||gr|||| 00| 0 spa d
020 ## - NÚMERO INTERNACIONAL ESTÁNDAR DEL LIBRO
Número Internacional Estándar del Libro 9786124443510
040 ## - FUENTE DE CATALOGACIÓN
Centro catalogador/agencia de origen UMCH
Lengua de catalogación spa
Centro/agencia transcriptor UMCH
Centro/agencia modificador jmr
Normas de descripción rda
041 0# - CÓDIGO DE IDIOMA
Código de lengua del texto/banda sonora o título independiente spa
043 ## - CÓDIGO DE ÁREA GEOGRÁFICA
Código de área geográfica s-pe---
082 04 - NÚMERO DE LA CLASIFICACIÓN DECIMAL DEWEY
Número de clasificación 320.6/O73
100 1# - ENTRADA PRINCIPAL--NOMBRE DE PERSONA
Nombre de persona Ortegón Quiñones, Edgar.
Término indicativo de función/relación autor.
245 ## - MENCIÓN DEL TÍTULO
Título Prospectiva y planificación en la era de la inteligencia artificial en América Latina y el Caribe :
Resto del título ¿Cómo salir del entrampamiento? /
Mención de responsabilidad, etc. Edgar Ortegón Quiñones
250 ## - MENCION DE EDICION
Mención de edición Primera edición
264 #1 - PRODUCCIÓN, PUBLICACIÓN, DISTRIBUCIÓN, FABRICACIÓN Y COPYRIGHT
Producción, publicación, distribución, fabricación y copyright Huancayo, Perú ;
Nombre del de productor, editor, distribuidor, fabricante Universidad Continental.
Fecha de producción, publicación, distribución, fabricación o copyright 2022
264 #4 - PRODUCCIÓN, PUBLICACIÓN, DISTRIBUCIÓN, FABRICACIÓN Y COPYRIGHT
Fecha de producción, publicación, distribución, fabricación o copyright ©2022
300 ## - DESCRIPCIÓN FÍSICA
Extensión 465 páginas ;
Otras características físicas diagramas
Dimensiones 24 cm.
500 ## - NOTA GENERAL
Nota general "Universidad de Alcalá. Seminarios de Estudios Prospectivos UNAM México. Universidad Nacional de Cuyo. Universidad del Valle"--Cubierta.
504 ## - NOTA DE BIBLIOGRAFÍA, ETC.
Nota de bibliografía, etc. Bibliografía: páginas 441-465.
505 0# - NOTA DE CONTENIDO CON FORMATO
Información miscelánea Capítulo 1 :
Título Antecedentes y fundamentos básico de la teoría de la complejidad--
Información miscelánea Capítulo 2 :
Título Introducción a los principios de la teoría de la complejidad: las diferencias entre lo complicado y lo complejo--
Información miscelánea Capítulo 3 :
Título Lo complicado y lo complejo en la toma de decisiones: ¿Dónde queda la prospectiva y la planificación--
Información miscelánea Capítulo 4 :
Título Complejidad y prospectiva: epistemología, tecnologías disruptivas y convergencia tecnología--
Información miscelánea Capítulo 5 :
Título La expansión de la inteligencia artificial y sus implicaciones: un desafío y una oportunidad ineludible--
Información miscelánea Capítulo 6 :
Título Reflexiones y aprendizajes para la planificación y la prospectiva. ¿Cómo enfrentar la integralidad para salir del entrampamiento?.
521 ## - NOTA DE PÚBLICO DESTINATARIO
Nota de público destinatario Recomendado para un público general.
650 14 - PUNTO DE ACCESO ADICIONAL DE MATERIA--TÉRMINO DE MATERIA
Término de materia o nombre geográfico como elemento de entrada Políticas públicas
650 24 - PUNTO DE ACCESO ADICIONAL DE MATERIA--TÉRMINO DE MATERIA
Término de materia o nombre geográfico como elemento de entrada Toma de decisiones -- Procesamiento de datos
650 24 - PUNTO DE ACCESO ADICIONAL DE MATERIA--TÉRMINO DE MATERIA
Término de materia o nombre geográfico como elemento de entrada Administración pública -- Planificación
650 24 - PUNTO DE ACCESO ADICIONAL DE MATERIA--TÉRMINO DE MATERIA
Término de materia o nombre geográfico como elemento de entrada Inteligencia artificial
710 ## - ENTRADA AGREGADA--NOMBRE DE ENTIDAD CORPORATIVA
Nombre de entidad corporativa o nombre de jurisdicción como elemento de entrada Universidad Continental (Huancayo)
942 ## - ELEMENTOS DE ENTRADA SECUNDARIOS (KOHA)
Fuente del sistema de clasificación o colocación Clasificación Decimal Dewey
Tipo de ítem Koha Libros
Suprimir en OPAC No
Existencias
Estatus retirado Estado de pérdida Fuente del sistema de clasificación o colocación Estado de daño No para préstamo Biblioteca de origen Biblioteca actual Fecha de adquisición Información codificada de la localización en otra ubicación Total checkouts Signatura topográfica completa Código de barras Visto por última vez Precio de reemplazo Tipo de ítem Koha
    Clasificación Decimal Dewey     Biblioteca Central Biblioteca Central 17/11/2025 UMCH   320.6/ O73 035551 17/11/2025 17/11/2025 Libros

Horarios de atención

De Lunes a Viernes de 8:00 a.m. -7:00 p.m.
Sábados de 8:00 a.m. - 5:00 p.m.



Email:
 biblioteca@umch.edu.pe

Teléfono: (01) 4490449 anexo 400 y 401
WhatsApp: +51 946 208 593